Совершенствование комплексной системы управления качеством асинхронных двигателей; Методика расчета на прочность элементов тормозного устройства самотормозящихся электродвигателей: Промежуточный отчет о НИР; Тема:х/д 7-18-82

Библиографические подробности
Автор-организация: Томский политехнический институт (ТПИ) (595)
Другие авторы: Бурулько Л. К (руководитель), Очередко А. М. (исполнитель)
Язык:русский
Опубликовано: Томск, 1983
Предметы:
Формат: Книга
Запись в KOHA:https://koha.lib.tpu.ru/cgi-bin/koha/opac-detail.pl?biblionumber=156368

MARC

LEADER 00000nbm0a2200000 4500
001 156368
005 20231031153113.0
029 0 0 |a SU  |b 01830011704  |f ТПУ 
035 |a (RuTPU)RU\TPU\book\169608 
035 |a RU\TPU\book\167984 
090 |a 156368 
100 |a 20090326d1983 k y0rusy50 ca 
101 0 |a rus 
102 |a RU 
105 |a a p 000zy 
200 1 |a Совершенствование комплексной системы управления качеством асинхронных двигателей  |a Методика расчета на прочность элементов тормозного устройства самотормозящихся электродвигателей  |e Промежуточный отчет о НИР  |e Тема:х/д 7-18-82  |f Томский политехнический институт (ТПИ) ; руководитель Л. К Бурулько ; А. М. Очередко 
210 |a Томск  |d 1983 
215 |a 16 л. 
610 1 |a прочность 
610 1 |a самотормозящие электродвигатели 
610 1 |a частотно-токовое регулирование 
610 1 |a электромагнитные усилия 
610 1 |a тормозящие устройства 
610 1 |a угол закручивания 
610 1 |a момент инерции 
610 1 |a отчеты о НИР 
675 |a 621.313.13(04)  |v 3 
702 1 |a Бурулько  |b Л. К  |4 673 
702 1 |a Очередко  |b А. М.  |4 677 
712 0 2 |a Томский политехнический институт (ТПИ)  |c (1944-1991)  |2 stltpush  |3 (RuTPU)RU\TPU\col\1123  |4 595 
801 1 |a RU  |b 63413507  |c 20090305  |g PSBO 
801 2 |a RU  |b 63413507  |c 20090326  |g PSBO 
942 |c BK